Score 0/50 Timer 15:00
0 Plays Today
Season Character % Correct
Season 1Ciel
99.8%
Season 1Sebastian
99.3%
Season 1Elizabeth
98.2%
Season 1Grell
97.8%
Season 1Finny
97.4%
Season 1Meyrin
95.2%
Season 1Bard
95%
Season 1Undertaker
94.3%
Season 1William
93.9%
Season 3Beast
91.9%
Season 1Madam Red
91.5%
Season 2Claude
91.1%
Season 1Agni
90%
Season 3Joker
90%
Season 3Smile
89.3%
Season 2Alois
89.1%
Season 1Pluto
88.7%
Season 1Tanaka
87.8%
Season 1Vincent
87.8%
Season 1Ronald
87.6%
Season 1Prince Soma
87.6%
Season 3Doll
87.6%
Season 2Hanna
86.7%
Season 3Black
86%
Season 3Dagger
85.8%
Season Character % Correct
Season 3Wendy
83.2%
Season 3Snake
83.2%
Season 1Paula
83%
Season 1Lau
83%
Season 1Rachel
82.1%
Season 3Peter
81.9%
Season 1Angela\Ash
78.2%
Season 3Jumbo
78%
Season 1Ran Mao
75.8%
Season 1Queen Victoria
75%
Season 3Suit
74.3%
Season 2Thompson
70.4%
Season 2Timber
68.8%
Season 2Luka
66%
Season 2Canterbury
65.6%
Season 1Abberline
64.5%
Season 1Drocell
64.5%
Season 3Doctor
63.8%
Season 1Edward
59.1%
Season 1Mina
56.9%
Season 1Viscount Druitt
51.6%
Season 3Kelvin
50.6%
Season 1Richard
43.8%
Season 1Randall
37.2%
Season 2Arnold Trancy
34%
Remove Ads.
Support Sporcle.
Get the best of Sporcle when you Go Orange. This ad-free experience offers more features, more stats, and more fun while also helping to support Sporcle. Thank you for becoming a member.

You're not logged in!

Compare scores with friends on all Sporcle quizzes.
OR
Log In

Sporcle TV

Today on Sporcle TV


Watch our educational content, quiz creation guides, and fun videos on Sporcle TV.

Show Comments

Extras

Top Quizzes Today


Score Distribution

Paid Content

Your Account Isn't Verified!

In order to create a playlist on Sporcle, you need to verify the email address you used during registration. Go to your Sporcle Settings to finish the process.

Report this User

Report this user for behavior that violates our Community Guidelines.

Details: